| 000 | 00505nam a22001817a 4500 | ||
|---|---|---|---|
| 008 | 230630b |||||||| |||| 00| 0 eng d | ||
| 020 | _a978-93-87155-53-4 | ||
| 040 |
_aNational Science Library _cNational Science Library |
||
| 080 |
_a82-31VER _bQ7 |
||
| 100 | _aVerma, Nirmal | ||
| 245 | _aएक चिथड़ा सुख | ||
| 246 | _aEk chithda sukh | ||
| 260 |
_aNew Delhi: _bVani Prakashan, _c2017 |
||
| 300 | _a242p. | ||
| 650 | _aLiterature | ||
| 653 | _aStory | ||
| 942 |
_2udc _cHBK |
||
| 999 |
_c48571 _d48571 |
||